Hydrocracking feedstock composition and properties investigation for hydrocarbon group analysis; Химия и химическая технология в XXI веке; Т. 2

Xehetasun bibliografikoak
Parent link:Химия и химическая технология в XXI веке: материалы XXII Международной научно-практической конференции студентов и молодых ученых имени выдающихся химиков Л. П. Кулёва и Н. М. Кижнера, посвященной 125-летию со дня основания Томского политехнического университета, Томск, 17-20 мая 2021 г./ Национальный исследовательский Томский политехнический университет (ТПУ) ; Инженерная школа природных ресурсов ; Исследовательская школа химических и биомедицинских технологий.— , 2021
Т. 2.— 2021.— [С. 233-234]
Egile nagusia: Vymyatnin E. K.
Erakunde egilea: Национальный исследовательский Томский политехнический университет Инженерная школа природных ресурсов Отделение химической инженерии
Beste egile batzuk: Oreshina A. A. (научный руководитель), Ivanchina E. D. Emilia Dmitrievna
Gaia:Заглавие с титульного экрана
Hizkuntza:ingelesa
Argitaratua: 2021
Saila:Химия и химическая технология на иностранном языке (английский)
Gaiak:
Sarrera elektronikoa:http://earchive.tpu.ru/handle/11683/67762
Formatua: Baliabide elektronikoa Liburu kapitulua
KOHA link:https://koha.lib.tpu.ru/cgi-bin/koha/opac-detail.pl?biblionumber=632979

MARC

LEADER 00000naa2a2200000 4500
001 632979
005 20231101133734.0
035 |a (RuTPU)RU\TPU\conf\34701 
035 |a RU\TPU\conf\34696 
090 |a 632979 
100 |a 20210607d2021 k y0rusy50 ba 
101 0 |a eng 
102 |a RU 
105 |a y z 101zy 
135 |a drcn ---uucaa 
181 0 |a i  
182 0 |a b 
200 1 |a Hydrocracking feedstock composition and properties investigation for hydrocarbon group analysis  |f E. K. Vymyatnin, A. A. Oreshina  |g sci. adv. E. D. Ivanchina 
203 |a Текст  |c электронный 
225 1 |a Химия и химическая технология на иностранном языке (английский) 
230 |a 1 компьютерный файл (pdf; 1 425 Kb) 
300 |a Заглавие с титульного экрана 
320 |a [Библиогр.: с. 234 (1 назв.)] 
461 1 |0 (RuTPU)RU\TPU\conf\34506  |t Химия и химическая технология в XXI веке  |o материалы XXII Международной научно-практической конференции студентов и молодых ученых имени выдающихся химиков Л. П. Кулёва и Н. М. Кижнера, посвященной 125-летию со дня основания Томского политехнического университета, Томск, 17-20 мая 2021 г.  |o в 2 т.  |f Национальный исследовательский Томский политехнический университет (ТПУ) ; Инженерная школа природных ресурсов ; Исследовательская школа химических и биомедицинских технологий  |d 2021 
463 1 |0 (RuTPU)RU\TPU\conf\34508  |t Т. 2  |v [С. 233-234]  |d 2021 
610 1 |a труды учёных ТПУ 
610 1 |a электронный ресурс 
610 1 |a состав 
610 1 |a свойства 
610 1 |a гидрокрекинг 
610 1 |a анализ 
610 1 |a углеводород 
610 1 |a моторные топлива 
610 1 |a математические модели 
700 1 |a Vymyatnin  |b E. K. 
701 1 |a Oreshina  |b A. A. 
702 1 |a Ivanchina  |b E. D.  |c chemist  |c Professor of Tomsk Polytechnic University, Doctor of technical sciences  |f 1951-  |g Emilia Dmitrievna  |2 stltpush  |4 727 
712 0 2 |a Национальный исследовательский Томский политехнический университет  |b Инженерная школа природных ресурсов  |b Отделение химической инженерии  |h 8085  |2 stltpush  |3 (RuTPU)RU\TPU\col\23513 
801 2 |a RU  |b 63413507  |c 20210625  |g RCR 
856 4 |u http://earchive.tpu.ru/handle/11683/67762 
942 |c BK